Solat tarawikh: (Record no. 57227)

MARC details
000 -LEADER
fixed length control field 00706nam a2200229 i 4500
001 - CONTROL NUMBER
control field C2-0242479
003 - CONTROL NUMBER IDENTIFIER
control field PPAK
005 - DATE AND TIME OF LATEST TRANSACTION
control field 20180727204449.0
008 - FIXED-LENGTH DATA ELEMENTS--GENERAL INFORMATION
fixed length control field 021001s2000 xx |||| ||||| | may d
040 ## - CATALOGING SOURCE
Original cataloging agency PPAK
Language of cataloging eng
Transcribing agency PPAK
Description conventions rda
082 04 - DEWEY DECIMAL CLASSIFICATION NUMBER
Classification number 297.52
Edition number 23
090 00 - LOCALLY ASSIGNED LC-TYPE CALL NUMBER (OCLC); LOCAL CALL NUMBER (RLIN)
Classification number (OCLC) (R) ; Classification number, CALL (RLIN) (NR) 297.52
Feature heading SOL
Feature heading G
245 00 - TITLE STATEMENT
Title Solat tarawikh:
Remainder of title satu perbahasan ke atas fatwa yang menetapkannya kepada 20 rakaat
264 #1 - PRODUCTION, PUBLICATION, DISTRIBUTION, MANUFACTURE, AND COPYRIGHT NOTICE
Place of production, publication, distribution, manufacture [place of publication not identified] :
Name of producer, publisher, distributor, manufacturer Hafiz Firdaus Abdullah ,
Date of production, publication, distribution, manufacture, or copyright notice 2000
300 ## - PHYSICAL DESCRIPTION
Extent 205 pages ;
Dimensions 21 cm
336 ## - CONTENT TYPE
Source rdacontent
Content type term text
337 ## - MEDIA TYPE
Source rdamedia
Media type term unmediated
338 ## - CARRIER TYPE
Source rdacarrier
Carrier type term volume
650 10 - SUBJECT ADDED ENTRY--TOPICAL TERM
Topical term or geographic name entry element Prayer (Islam)
700 0# - ADDED ENTRY--PERSONAL NAME
Personal name Hafiz Firdaus Abdullah,
Relator term compile
942 ## - ADDED ENTRY ELEMENTS (KOHA)
-- dc
Koha item type Book
Holdings
Withdrawn Not for loan Current library Shelving location Date acquired Full call number Barcode Date last seen Koha item type
    Perpustakaan Kulim Pinjaman Dewasa 11/02/2003 297.52 SOL A01021861 08/05/2018 Book